[Event "AUTO-INT-3627"]
[Site "http://www.queenalice.com/game.php?id=1640420"]
[Date "2021.1.18"]
[Round "1"]
[White "APSHOOTER"]
[Black "mike52"]
[Result "1-0"]
[WhiteElo "1591"]
[BlackElo "1464"]

1. e4 e5 2. Bc4 Nf6 3. d3 Bc5 4. h3 Nc6 5. a3 Na5 6. Nf3 Nxc4 7. Bg5 Nd6 8. Nxe5
h6 9. Bh4 g5 10. Bg3 Nh5 11. Qxh5 Qf6 12. Nc3 Bxf2+ 13. Bxf2 Qxe5 14. Nd5 Nb5
15. O-O-O c6 16. Nc3 Nxc3 17. bxc3 Qxc3 18. Qe2 Qxa3+ 19. Kd2 O-O 20. Bd4 c5 21.
Bc3 Qa6 22. Qh5 Kh7 23. Rhf1 1-0

[Event "AUTO-INT-3644"]
[Site "http://www.queenalice.com/game.php?id=1644420"]
[Date "2021.2.22"]
[Round "1"]
[White "playagain"]
[Black "mike52"]
[Result "0-1"]
[WhiteElo "1468"]
[BlackElo "1407"]

1. e4 e5 2. Nf3 d6 3. g3 Bd7 4. Bg2 Be7 5. d3 Nf6 6. Be3 Bg4 7. Nbd2 Nc6 8. O-O
Nd4 9. c3 Bxf3 10. Nxf3 O-O 11. cxd4 Ng4 12. Qe2 a5 13. d5 Nxe3 14. Qxe3 b6 15.
d4 h6 16. dxe5 dxe5 17. Nxe5 Bc5 18. Qc3 Bb4 19. Qe3 Re8 20. Nd3 Qd6 21. Rfc1 f6
22. a3 Bc5 23. Nxc5 bxc5 24. Rxc5 Qe5 25. Rb1 a4 26. f4 Qe7 27. Qd4 Qd6 28. Rc6
Qd7 29. e5 fxe5 30. fxe5 Qf5 31. Re1 Rac8 32. Qc4 Kh8 33. e6 Rf8 34. e7 Qf2+ 0-1

[Event "AUTO-INT-3644"]
[Site "http://www.queenalice.com/game.php?id=1644421"]
[Date "2021.2.22"]
[Round "1"]
[White "mike52"]
[Black "playagain"]
[Result "0-1"]
[WhiteElo "1443"]
[BlackElo "1432"]

1. e4 c5 2. d4 cxd4 3. Qxd4 Nc6 4. Qd1 g6 5. Bd2 Nf6 6. Bc3 Bg7 7. Bb5 O-O 8.
Bxc6 bxc6 9. e5 Nd5 10. Ne2 d6 11. exd6 exd6 12. Nd4 Re8+ 13. Kf1 Bb7 14. Nf3 c5
15. Bxg7 Kxg7 16. c4 Nf4 17. Nc3 Qf6 18. Qb3 Bc6 19. Re1 Bxf3 20. gxf3 Rxe1+ 21.
Kxe1 Re8+ 22. Kf1 Qf5 23. h4 Qd3+ 24. Kg1 Qxf3 25. Nb5 Qg2# 0-1

[Event "AUTO-INT-3644"]
[Site "http://www.queenalice.com/game.php?id=1644436"]
[Date "2021.2.22"]
[Round "1"]
[White "Danado"]
[Black "mike52"]
[Result "1-0"]
[WhiteElo "1550"]
[BlackElo "1380"]

1. e4 e5 2. Qf3 f6 3. Bc4 Nh6 4. d3 d6 5. Bxh6 gxh6 6. Qh5+ Kd7 7. Qf5+ Kc6 8.
Qf3 Bd7 9. Nc3 Qe8 10. Bd5+ Kb6 11. Qe3+ c5 12. b4 Bc6 13. bxc5+ Kc7 14. Rb1
Bxd5 15. Nxd5+ Kc8 16. cxd6 Qd8 17. Nxf6 Qxf6 18. Qh3+ Nd7 19. Qf3 Qxf3 20. Nxf3
Bxd6 21. O-O Nf6 22. h3 Nh5 23. g4 Nf4 24. Kh2 a6 25. Nh4 Ne2 26. Ng2 b5 27.
Rfe1 Nc3 28. Ra1 Bc5 29. f4 Bd6 30. f5 Ba3 31. Rg1 Bb2 32. Rae1 Rg8 33. Ne3 Nxa2
34. Nd5 Ba3 35. Ra1 b4 36. Nb6+ Kb7 37. Nd5 a5 38. Rxa2 h5 39. g5 h4 40. Ne7
Rge8 41. Nd5 Kc6 42. Nf6 Rh8 43. Ng4 Rhg8 44. Nxe5+ Kd6 45. Nc4+ Kc5 46. Nxa3
Kd4 47. Nb5+ Kc5 48. Nc7 Rac8 49. Nd5 Rg7 50. Rxa5+ Kd4 51. Rg4 Rxc2+ 52. Kg1 b3
53. Rg2 Rc1+ 54. Kh2 Kxd3 55. Ra3 Kxe4 56. Nb4 Rb1 57. f6 Rb7 58. Rg4+ Kf5 59.
Nc6 Rb2+ 60. Rg2 Rxg2+ 61. Kxg2 b2 62. f7 b1=Q 63. f8=Q+ Kg6 64. Qf6+ Kh5 65.
Qf3+ Kxg5 66. Ra5+ Kg6 67. Ne5+ Kg7 68. Qg4+ Kh8 69. Ra8+ Rb8 70. Nf7# 1-0

[Event "AUTO-INT-3644"]
[Site "http://www.queenalice.com/game.php?id=1644437"]
[Date "2021.2.22"]
[Round "1"]
[White "mike52"]
[Black "Danado"]
[Result "0-1"]
[WhiteElo "1425"]
[BlackElo "1523"]

1. e4 e5 2. d3 Qf6 3. f3 Bc5 4. Bd2 Bxg1 5. Rxg1 Nc6 6. Be2 d6 7. Nc3 a6 8. Nd5
Qd8 9. h3 Nf6 10. Bg5 h6 11. Bxf6 gxf6 12. Qd2 Nd4 13. c3 Nxe2 14. Qxe2 Be6 15.
c4 Bxd5 16. exd5 Qd7 17. b3 O-O-O 18. Qe3 h5 19. Qa7 c6 20. dxc6 Qxc6 21. O-O-O
Kd7 22. d4 Ra8 23. d5 Rxa7 24. h4 Qb6 25. Rgf1 Rg8 26. f4 Qe3+ 27. Rd2 Qg3 28.
fxe5 fxe5 29. Rxf7+ Ke8 30. Rf5 Qe1+ 31. Rd1 Qc3+ 32. Kb1 Rxg2 33. Rf8+ Kxf8 34.
Rf1+ Ke7 0-1

[Event "AUTO-INT-3644"]
[Site "http://www.queenalice.com/game.php?id=1644446"]
[Date "2021.2.22"]
[Round "1"]
[White "jsiebel"]
[Black "mike52"]
[Result "1-0"]
[WhiteElo "1526"]
[BlackElo "1413"]

1. e4 e5 2. Nf3 d6 3. d4 Bg4 4. dxe5 Be7 5. Bb5+ c6 6. exd6 Qxd6 7. Qxd6 Bxd6 8.
Bc4 Bxf3 9. gxf3 Ne7 10. Be3 O-O 11. Nc3 Bb4 12. O-O-O Bxc3 13. bxc3 Kh8 14. e5
b5 15. Bd3 Nd5 16. Bd4 Nf4 17. e6 Nxd3+ 18. Rxd3 fxe6 19. Rg1 Rf7 20. Be5 Nd7
21. Bg3 Nc5 22. Rd6 Rc8 23. f4 Ne4 24. Rd3 Nxg3 25. Rgxg3 h6 26. Rg4 h5 27. Rh4
g6 28. Kb2 c5 29. Rd6 c4 30. Rxe6 Rg7 31. Ka3 g5 32. Rxh5+ Kg8 33. fxg5 a5 34.
Ra6 a4 35. Ra5 Rb8 36. f4 Rg6 37. Kb4 Re8 38. Rxb5 Re2 39. Kxa4 Rxc2 40. Rb8+
Kg7 41. f5 Rxa2+ 42. Kb4 Rb2+ 43. Kxc4 Rc6+ 44. Kd5 Rxc3 45. Rxb2 Rd3+ 46. Ke4
Ra3 47. Rb7+ Kf8 48. Rh8# 1-0

[Event "AUTO-INT-3644"]
[Site "http://www.queenalice.com/game.php?id=1644447"]
[Date "2021.2.22"]
[Round "1"]
[White "mike52"]
[Black "jsiebel"]
[Result "0-1"]
[WhiteElo "1425"]
[BlackElo "1514"]

1. b4 b5 2. e3 a6 3. d3 d5 4. d4 Nc6 5. h3 Nxb4 6. Bd2 Nc6 7. Be2 Bf5 8. Nf3 Nf6
9. O-O Qd6 10. Nh4 g6 11. Nxf5 gxf5 12. Nc3 Bh6 13. Bf3 b4 14. Na4 O-O-O 15. Nc5
a5 16. Nd3 e5 17. dxe5 Nxe5 18. Nxe5 Qxe5 19. Qe2 Ne4 20. Bxe4 fxe4 21. f4 Qb2
22. g4 Qxc2 23. Rfc1 Qd3 24. Qxd3 exd3 25. g5 Bf8 26. Rc6 d4 27. exd4 Rxd4 28.
Re1 Bd6 29. Ra6 Kb7 30. Rxa5 Bxf4 31. Bxf4 d2 32. Rb5+ Ka6 33. Be5 d1=Q 34. Rxd1
Rxd1+ 35. Kg2 Kxb5 36. Bxh8 Ka4 37. Be5 Rd2+ 38. Kf3 Rxa2 39. Bxc7 b3 40. Be5
Rd2 41. Bf4 Rd3+ 42. Kg4 b2 43. Kh5 Rxh3+ 44. Kg4 Rh1 45. Be5 b1=Q 0-1

[Event "AUTO-OPEN-4260"]
[Site "http://www.queenalice.com/game.php?id=1644483"]
[Date "2021.2.22"]
[Round "1"]
[White "Ricktado"]
[Black "mike52"]
[Result "1-0"]
[WhiteElo "1821"]
[BlackElo "1340"]

1. d4 d5 2. Nc3 e6 3. e4 dxe4 4. Nxe4 Be7 5. c3 Bd7 6. Nc5 Bxc5 7. dxc5 Nc6 8.
b4 Nf6 9. Bg5 h6 10. Bxf6 Qxf6 11. Bb5 a6 12. Bxc6 Bxc6 13. f3 O-O 14. Qc2 Bb5
15. Ne2 Bxe2 16. Kxe2 Qe5+ 17. Qe4 Qxc3 18. Qxb7 Rad8 19. Kf2 Qd2+ 20. Kg3 Qg5+
21. Kf2 Qd2+ 22. Kg3 Qg5+ 23. Kf2 Rd2+ 24. Kf1 Qe5 25. Re1 1-0

[Event "AUTO-OPEN-4260"]
[Site "http://www.queenalice.com/game.php?id=1644484"]
[Date "2021.2.22"]
[Round "1"]
[White "mike52"]
[Black "Ricktado"]
[Result "0-1"]
[WhiteElo "1342"]
[BlackElo "1819"]

1. e4 d5 2. e5 d4 3. d3 c5 4. Bf4 e6 5. Be2 g5 6. Bd2 f5 7. exf6 Nxf6 8. Nf3 h6
9. Ne5 Nd5 10. Ng6 Rh7 11. Bf3 Rg7 12. Bxd5 Rxg6 13. Be4 Rg8 14. O-O Nd7 15. Na3
e5 16. Nb5 Qb6 17. a4 a5 18. Qg4 Nf6 19. Qg3 Ng4 20. f3 Ne3 21. Bxe3 dxe3 22. b3
Bd7 23. Qxe5+ Be7 24. g4 Be6 0-1

[Event "AUTO-OPEN-4260"]
[Site "http://www.queenalice.com/game.php?id=1644509"]
[Date "2021.2.22"]
[Round "1"]
[White "mike52"]
[Black "nemeth"]
[Result "0-1"]
[WhiteElo "1391"]
[BlackElo "2294"]

1. b4 d5 2. b5 a6 3. e3 axb5 4. d4 c6 5. Be2 Nf6 6. Bd2 Bf5 7. Nc3 e6 8. Nf3
Nbd7 9. O-O Ba3 10. Ne5 Nxe5 11. Bh5 Nc4 12. Qe2 Nxd2 13. Bxf7+ Kxf7 14. Qxd2
Bb4 15. Rab1 Qa5 16. h3 Bxc3 17. Qe2 Qxa2 18. Rbc1 b4 19. g4 Bg6 20. Qf3 Be4 21.
Qf4 h6 22. Qc7+ Kg6 23. Qxb7 Qa7 24. Qxc6 Qa6 25. Qxa6 Rxa6 26. Kh2 Ra2 27. Rg1
Rha8 28. h4 Rxc2 29. Rxc2 Bxc2 30. h5+ Kh7 31. Rc1 b3 32. f3 Bd2 33. Rg1 Bxe3
34. Re1 Bf4+ 35. Kg2 b2 36. Rxe6 b1=Q 37. Kf2 Ra2 0-1

[Event "AUTO-OPEN-4260"]
[Site "http://www.queenalice.com/game.php?id=1644510"]
[Date "2021.2.22"]
[Round "1"]
[White "nemeth"]
[Black "mike52"]
[Result "1-0"]
[WhiteElo "2339"]
[BlackElo "1413"]

1. e4 e5 2. Nc3 d6 3. Bc4 f6 4. d3 Nh6 5. Bxh6 gxh6 6. Qh5+ Kd7 7. Nd5 c6 8.
Qf7+ Be7 9. Nxf6+ Kc7 10. Nh5 Bg4 11. Ng3 h5 12. f3 b5 13. fxg4 bxc4 14. Qxc4
Bh4 15. Ne2 Bxg3+ 16. Nxg3 c5 17. O-O hxg4 18. Rf7+ Kc8 19. Raf1 Qg5 20. Qe6+
Kd8 21. Qxd6+ Ke8 22. Rf8+ Rxf8 23. Rxf8# 1-0

[Event "AUTO-OPEN-4260"]
[Site "http://www.queenalice.com/game.php?id=1644511"]
[Date "2021.2.22"]
[Round "1"]
[White "mike52"]
[Black "StenioVS"]
[Result "0-1"]
[WhiteElo "1402"]
[BlackElo "2114"]

1. e4 e5 2. d3 d5 3. Bd2 Nf6 4. exd5 Nxd5 5. Be2 Be7 6. Nc3 O-O 7. Nf3 Nc6 8.
Nxd5 Qxd5 9. O-O f5 10. Bc3 Be6 11. Qd2 Rad8 12. Ne1 f4 13. Bf3 g5 14. Bxd5 Bxd5
15. f3 Bc5+ 16. Kh1 Be3 17. Qe2 Rf6 18. h3 h5 19. b3 Rg6 20. a3 g4 21. fxg4 hxg4
22. h4 Kf7 23. Bd2 Nd4 24. Qd1 Nf5 25. h5 Ng3+ 26. Kh2 Nxf1+ 27. Kh1 Nxd2 28.
hxg6+ Kxg6 29. Qxg4+ Kf7 30. Qf5+ Ke7 31. Qxe5+ Kf7 32. Qh5+ Ke7 33. Qe5+ Kf7
34. Qxc7+ Ke8 35. Qe5+ Kf8 36. Qf6+ Ke8 37. Qg6+ Kd7 38. c4 Rh8+ 0-1

[Event "AUTO-OPEN-4260"]
[Site "http://www.queenalice.com/game.php?id=1644512"]
[Date "2021.2.22"]
[Round "1"]
[White "StenioVS"]
[Black "mike52"]
[Result "1-0"]
[WhiteElo "2122"]
[BlackElo "1427"]

1. d4 d5 2. c4 dxc4 3. e3 e6 4. Bxc4 Bb4+ 5. Bd2 Bxd2+ 6. Nxd2 Bd7 7. Ngf3 Ne7
8. O-O a6 9. a4 O-O 10. e4 Ng6 11. Qe2 Nf4 12. Qe3 Ng6 13. b4 Nc6 14. Qb3 Nh4
15. b5 Nxf3+ 16. Nxf3 Na5 17. Qa2 Nxc4 18. Qxc4 a5 19. Rac1 b6 20. Qxc7 Qxc7 21.
Rxc7 Bc8 22. Rfc1 h6 23. h3 g5 24. Ne5 Rb8 25. Nd7 Bxd7 26. Rxd7 f5 27. Rcc7
fxe4 28. Rg7+ Kh8 29. Rh7+ Kg8 30. Rcg7# 1-0

[Event "AUTO-INT-3670"]
[Site "http://www.queenalice.com/game.php?id=1759482"]
[Date "2021.5.15"]
[Round "1"]
[White "mike52"]
[Black "donadama"]
[Result "0-1"]
[WhiteElo "1382"]
[BlackElo "1918"]

1. e4 c5 2. d3 e5 3. Be2 a6 4. Bd2 b5 5. Nf3 Nf6 6. Nxe5 Qc7 7. Bf4 Bd6 8. Nc3
Bxe5 9. Bxe5 Qxe5 10. O-O O-O 11. a3 Bb7 12. Qd2 Nc6 13. Bf3 Nd4 14. Nd5 Nxf3+
15. gxf3 Bxd5 16. c3 Be6 17. f4 Qh5 18. f5 Ng4 19. Qf4 Bb3 0-1

[Event "AUTO-INT-3670"]
[Site "http://www.queenalice.com/game.php?id=1759483"]
[Date "2021.5.15"]
[Round "1"]
[White "donadama"]
[Black "mike52"]
[Result "1-0"]
[WhiteElo "1901"]
[BlackElo "1365"]

1. d4 e6 2. c4 d6 3. Nc3 Be7 4. Nf3 Bd7 5. e4 h6 6. Be2 a6 7. O-O Nf6 8. Be3 Nc6
9. e5 dxe5 10. dxe5 Ng4 11. Bd2 Bc5 12. Ne4 Bb6 13. c5 Ba7 14. Bc3 f6 15. h3
Ngxe5 16. Nxe5 Nxe5 17. Bxe5 fxe5 18. Bh5+ Ke7 19. Qg4 g5 20. f4 c6 21. fxg5 Be8
22. gxh6 Bxh5 23. Qg5+ Kd7 24. Qxh5 Qf8 25. Rxf8 Raxf8 26. Rd1+ Kc7 27. Qxe5+
Kc8 28. Nd6+ Kd7 29. Nf7+ Ke7 30. Nxh8 Rf5 31. Qg7+ Ke8 32. Qd7+ Kf8 33. Ng6+
Kg8 34. Qg7# 1-0

[Event "AUTO-INT-3670"]
[Site "http://www.queenalice.com/game.php?id=1759486"]
[Date "2021.5.15"]
[Round "1"]
[White "mike52"]
[Black "mvson33"]
[Result "0-1"]
[WhiteElo "1369"]
[BlackElo "1796"]

1. e4 e5 2. d3 d5 3. Qe2 dxe4 4. Qxe4 Nc6 5. Be2 Nf6 6. Bg5 Be7 7. Nf3 Nxe4 8.
Bxe7 Qxe7 9. dxe4 Qb4+ 10. Nbd2 Bg4 11. b3 O-O-O 12. O-O f6 13. Nc4 Bxf3 14.
Bxf3 b5 15. Bg4+ Kb7 16. Bf5 bxc4 17. a3 Qc3 18. Ra2 Rd2 19. a4 cxb3 20. Ra3
Qxc2 21. a5 b2 22. h3 b1=Q 23. Rxb1+ Qxb1+ 24. Kh2 Rxf2 25. a6+ Ka8 26. Rc3 Rd8
27. Rxc6 Qf1 28. Rxc7 Qxg2# 0-1

[Event "AUTO-INT-3670"]
[Site "http://www.queenalice.com/game.php?id=1759487"]
[Date "2021.5.15"]
[Round "1"]
[White "mvson33"]
[Black "mike52"]
[Result "1-0"]
[WhiteElo "1805"]
[BlackElo "1363"]

1. e4 e5 2. Nf3 d6 3. Bc4 h6 4. Nc3 Be7 5. h3 a6 6. O-O Bd7 7. d4 Nc6 8. dxe5
dxe5 9. Qe2 Nf6 10. Rd1 Nb4 11. a3 Nc6 12. Be3 Na5 13. Ba2 Nh5 14. Nxe5 Bd6 15.
Qxh5 Be6 16. Nxf7 Qf6 17. Nxh8+ Ke7 18. Qxa5 Bxa2 19. Rxa2 Rxh8 20. Nd5+ Ke6 21.
Nxc7+ Kf7 22. Qf5 Qxf5 23. exf5 Bxc7 24. Rd7+ Kf6 25. Rxc7 b5 26. Rc6+ Kxf5 27.
Rxa6 Rc8 28. c3 Rd8 29. Ra1 Rd5 30. Ra5 Ke4 31. c4 bxc4 32. Rxd5 Kxd5 33. a4 Kc6
34. a5 1-0

[Event "AUTO-OPEN-4280"]
[Site "http://www.queenalice.com/game.php?id=1759562"]
[Date "2021.5.16"]
[Round "1"]
[White "Bigchess"]
[Black "mike52"]
[Result "1-0"]
[WhiteElo "1798"]
[BlackElo "1371"]

1. e4 e5 2. Nf3 d6 3. Bc4 f6 4. d4 Bd7 5. dxe5 fxe5 6. O-O Nf6 7. Bg5 h6 8. Nc3
hxg5 9. Nxg5 Qc8 10. Bf7+ Ke7 11. Bb3 Na6 12. f4 exf4 13. Rxf4 Nb4 14. e5 dxe5
15. Rxb4 Bg4 16. Qd3 Bf5 17. Nd5+ Nxd5 18. Qxd5 c6 19. Qf7+ Kd6 20. Rd1+ Kc5 21.
Qc4# 1-0

[Event "AUTO-OPEN-4280"]
[Site "http://www.queenalice.com/game.php?id=1759563"]
[Date "2021.5.16"]
[Round "1"]
[White "mike52"]
[Black "Bigchess"]
[Result "0-1"]
[WhiteElo "1361"]
[BlackElo "1809"]

1. e4 e5 2. d3 Nf6 3. a3 d6 4. Bg5 Be7 5. Be2 Nc6 6. Nf3 Be6 7. Nc3 a6 8. Bxf6
Bxf6 9. Nd5 Nd4 10. Nxd4 exd4 11. Nxf6+ Qxf6 12. f3 c5 13. b3 b5 14. Qd2 Qh4+
15. g3 Qh6 16. Qxh6 gxh6 17. f4 f5 18. Bh5+ Kd7 19. e5 dxe5 20. fxe5 Rhg8 21.
O-O-O a5 22. Bf3 Rab8 23. Be2 Bd5 24. Rhf1 Rbf8 25. Kb2 Ke6 26. c4 bxc4 27. bxc4
Rb8+ 28. Ka2 Bc6 29. Bf3 Ba4 30. Bd5+ Ke7 31. Bxg8 Bxd1 32. Bxh7 Be2 33. Rxf5
Bxd3 0-1

[Event "AUTO-OPEN-4280"]
[Site "http://www.queenalice.com/game.php?id=1759588"]
[Date "2021.5.16"]
[Round "1"]
[White "mike52"]
[Black "Tenor"]
[Result "0-1"]
[WhiteElo "1350"]
[BlackElo "1561"]

1. e4 e5 2. d3 Nf6 3. a3 Bc5 4. Bd2 Ng4 5. Qxg4 Qf6 6. f3 O-O 7. Nc3 c6 8. Bg5
Qg6 9. Bh4 Qxg4 10. fxg4 d6 11. Be7 Re8 12. Bh4 Nd7 13. Nf3 Nb6 14. b4 Bxg4 15.
Ng5 Bd4 16. Kd2 Na4 17. Rb1 Nxc3 18. Nf3 Nxb1+ 19. Kc1 a6 20. Kxb1 c5 21. h3 Be6
22. Nxd4 exd4 23. Bg3 Rad8 24. Be2 f6 25. Bg4 Bxg4 26. hxg4 Re6 27. bxc5 dxc5
28. Bc7 Rc8 29. Bb6 Rxb6+ 30. Ka2 g6 31. a4 Re6 32. Kb3 Rce8 33. Rf1 Rf8 34. c4
dxc3 35. Kxc3 b5 36. a5 Rd8 37. g3 Red6 38. Rd1 Rd4 39. Rd2 Ra4 40. Kb3 Rxa5 41.
Rf2 Rxd3+ 42. Kb2 Rxg3 43. Rxf6 Rxg4 44. e5 Rg5 45. Re6 Kf7 46. Rf6+ Ke7 47. Rc6
c4 48. Rf6 b4 49. Rb6 Rg2+ 50. Kb1 Rxe5 51. Rb7+ Kf6 0-1

[Event "AUTO-OPEN-4280"]
[Site "http://www.queenalice.com/game.php?id=1759589"]
[Date "2021.5.16"]
[Round "1"]
[White "Tenor"]
[Black "mike52"]
[Result "1-0"]
[WhiteElo "1581"]
[BlackElo "1357"]

1. e4 e5 2. Nf3 d6 3. d4 Bg4 4. d5 Be7 5. Be2 h6 6. O-O Nf6 7. Nbd2 a6 8. Nh4
Bxe2 9. Qxe2 b5 10. Nf5 Rg8 11. Nxe7 Qxe7 12. b4 g5 13. h3 Nbd7 14. Nb3 Nb6 15.
Na5 Nc4 16. Nc6 Qd7 17. Qf3 Nh7 18. Qf5 Qxf5 19. exf5 Nf6 20. g3 Nxd5 21. a3 Nc3
22. Re1 Nd5 23. Re4 Nc3 24. Re1 Nd5 25. Be3 Ndxe3 26. fxe3 f6 27. a4 bxa4 28.
Rxa4 Nb2 29. Ra2 Nd3 30. cxd3 h5 31. b5 h4 32. bxa6 hxg3 33. e4 Kd7 34. Rc1 Rh8
35. Kg2 g4 36. hxg4 Rh2+ 37. Kxg3 Rxa2 38. Nb4 c5 39. Nxa2 Rxa6 40. Nc3 Ra3 41.
Kf3 Rb3 42. Ke3 Kc6 43. Nd5 Rb2 44. Nxf6 Kb5 45. g5 Rh2 46. Rg1 Rh3+ 47. Kd2 Kb4
48. g6 Kb3 49. Rb1+ Ka2 50. Rc1 Rh2+ 51. Kc3 1-0

[Event "AUTO-OPEN-4280"]
[Site "http://www.queenalice.com/game.php?id=1759590"]
[Date "2021.5.16"]
[Round "1"]
[White "mike52"]
[Black "ratorei"]
[Result "0-1"]
[WhiteElo "1367"]
[BlackElo "2119"]

1. e4 e6 2. e5 d5 3. d4 c5 4. Bb5+ Nc6 5. Be3 cxd4 6. Bxd4 Bd7 7. Nf3 Nxe5 8.
Bxd7+ Nxd7 9. Ne5 Nxe5 10. Bxe5 Ne7 11. Qg4 Ng6 12. Bc3 e5 13. O-O Bd6 14. Nd2
d4 15. Bxd4 exd4 16. Ne4 Bc7 17. Rae1 O-O 18. Qg5 f6 19. Qg4 Qd5 20. f3 f5 21.
Qg3 Bxg3 22. hxg3 fxe4 23. fxe4 Qxa2 24. b3 Qxc2 25. Rxf8+ Rxf8 26. e5 Qf2+ 0-1

[Event "AUTO-OPEN-4280"]
[Site "http://www.queenalice.com/game.php?id=1759591"]
[Date "2021.5.16"]
[Round "1"]
[White "ratorei"]
[Black "mike52"]
[Result "1-0"]
[WhiteElo "2093"]
[BlackElo "1359"]

1. e4 e5 2. Nf3 d6 3. Bc4 Be7 4. d4 Bg4 5. dxe5 h6 6. exd6 Bxd6 7. e5 Bxe5 8.
Bxf7+ Ke7 9. Qxd8+ Kxd8 10. Nxe5 Bf5 11. Bb3 Ke8 12. Nc3 Ne7 13. Bf4 Nd7 14.
Nxd7 Kxd7 15. O-O-O+ Kc8 16. h3 Ng6 17. Bg3 a6 18. Nd5 Be4 19. Nxc7 Kb8 20. Rd7
Kc8 21. Rxg7 Ra7 22. Be6+ Kb8 23. Nb5+ Ka8 24. Nc7+ Kb8 25. Nxa6+ Ka8 26. Nc7+
Kb8 27. Nb5+ Ka8 28. Nxa7 Kxa7 29. f3 Nf8 30. Bc4 Bc6 31. b4 Nd7 32. b5 Bxb5 33.
Bxb5 Nf6 34. Be5 Nd5 35. Bc6 Nb4 36. Rxb7+ Ka6 37. Bxh8 Nxc6 38. Rh7 1-0